00918nam a2200265 a 450000100060000000300080000600500170001400800410003103500190007204000270009104100080011808200280012610000360015424500770019025000310026726000300029830000300032835000120035850400300037065000430040065100440044394200120048799900170049995201360051654575BD-RjUL20211209080136.0161106s1972 ii b 000 0 eng  a(BD-RjUL)54697 aDLCcDLCdBD-RjULbeng aeng00223a342.54029bBHC 19720 aVishnoo Bhagwan,d1929-916278810aConstitutional history of India and national movement /cVishnoo Bhagwan a3d ed., rev. and improved. aDelhi :bAtma Ram,c1972. axi, 322, 354 p. :c22 cm. aRs22.50 aBibliography: p. 351-354. 0aConstitutional historyzIndia.9162789 0aIndiaxPolitics and government.9162790 2ddccBK c54575d54575 00102ddc40708NFICaRUCLbRUCLcStackd1974-09-11eIndian Govt.l0o342.54029 BHC 1972r2016-11-07 00:00:00tC-2w2016-11-07yBK